|
|
|
|
| LEADER |
00000nam0a2200000 4500 |
| 001 |
27068 |
| 005 |
20231030202010.0 |
| 010 |
|
|
|a 5891120461
|
| 010 |
|
|
|a 5-89395-096-8
|
| 035 |
|
|
|a (RuTPU)RU\TPU\book\27315
|
| 035 |
|
|
|a BOOK00027390
|
| 090 |
|
|
|a 27068
|
| 100 |
|
|
|a 20011209d1998 k y0rusy50 ca
|
| 101 |
0 |
|
|a rus
|
| 102 |
|
|
|a RU
|
| 105 |
|
|
|a y z 000zy
|
| 200 |
1 |
|
|a Психология отношений
|e Избранные психологические труды
|f В. Н. Мясищев
|
| 210 |
|
|
|a Москва
|c Ин-т практической психологии
|d 1998
|
| 210 |
|
|
|a Воронеж
|c Модэк
|
| 225 |
1 |
|
|a Психологи Отечества
|
| 225 |
1 |
|
|a Избранные психологические труды в 70-ти томах
|
| 610 |
1 |
|
|a психология
|
| 610 |
1 |
|
|a общение
|
| 610 |
1 |
|
|a отношения
|
| 610 |
1 |
|
|a личность
|
| 610 |
1 |
|
|a психика
|
| 610 |
1 |
|
|a психофизиология
|
| 610 |
1 |
|
|a способности
|
| 610 |
1 |
|
|a потребности
|
| 686 |
|
|
|a Ю953
|v LBC/SL-A
|2 rubbk
|
| 700 |
|
1 |
|a Мясищев
|b В. Н.
|g Владимир Николаевич
|
| 801 |
|
0 |
|a RU
|b 63413507
|c 20011209
|g PSBO
|
| 801 |
|
2 |
|a RU
|b 63413507
|c 20120517
|g PSBO
|
| 942 |
|
|
|c BK
|